000 00307nam a22001337a 4500
008 181206b xxu||||| |||| 00| 0 eng d
020 _a9781610390415
041 _aeng
080 _a336
100 _a56
101 _afin
245 _aThe Financial Crisis Inqyri Report
_cRobert.M
942 _2udc
_cBK
999 _c52913
_d52913